<?xml version="1.0" encoding="UTF-8"?>
<record
    xmlns:xsi="http://www.w3.org/2001/XMLSchema-instance"
    xsi:schemaLocation="http://www.loc.gov/MARC21/slim http://www.loc.gov/standards/marcxml/schema/MARC21slim.xsd"
    xmlns="http://www.loc.gov/MARC21/slim">

  <leader>00923nam a2200277 i 4500</leader>
  <controlfield tag="003">EG-GICUC</controlfield>
  <controlfield tag="005">20260121101223.0</controlfield>
  <controlfield tag="008">251116s1937    uk ||||fr|||| 000 0 eng d</controlfield>
  <datafield tag="040" ind1=" " ind2=" ">
    <subfield code="a">EG-GiCUC</subfield>
    <subfield code="b">eng</subfield>
    <subfield code="c">EG-GiCUC</subfield>
    <subfield code="d">EG-GiCUC</subfield>
    <subfield code="e">rda</subfield>
  </datafield>
  <datafield tag="082" ind1="0" ind2="4">
    <subfield code="2">21</subfield>
    <subfield code="a">338.92</subfield>
    <subfield code="b">RO . P</subfield>
  </datafield>
  <datafield tag="099" ind1=" " ind2=" ">
    <subfield code="a">Law1 13 338.92 RO . P 1937</subfield>
  </datafield>
  <datafield tag="100" ind1="1" ind2=" ">
    <subfield code="a">Robson, William A</subfield>
    <subfield code="e">Author.</subfield>
  </datafield>
  <datafield tag="245" ind1="1" ind2="0">
    <subfield code="a">Public Enterprise  :</subfield>
    <subfield code="b"> Developments in Social Ownership and Control in Great Britain / </subfield>
    <subfield code="c">William a. Robson.</subfield>
  </datafield>
  <datafield tag="264" ind1=" " ind2="1">
    <subfield code="a">London :</subfield>
    <subfield code="b">George Allen &amp; Unwin Ltd Museum Street,</subfield>
    <subfield code="c">1937.</subfield>
  </datafield>
  <datafield tag="300" ind1=" " ind2=" ">
    <subfield code="a">416 pages ; </subfield>
    <subfield code="c">24 cm</subfield>
  </datafield>
  <datafield tag="336" ind1=" " ind2=" ">
    <subfield code="2">rda content</subfield>
    <subfield code="a">text</subfield>
  </datafield>
  <datafield tag="337" ind1=" " ind2=" ">
    <subfield code="2">rda media</subfield>
    <subfield code="a">Computer</subfield>
  </datafield>
  <datafield tag="338" ind1=" " ind2=" ">
    <subfield code="2">rda carrier</subfield>
    <subfield code="a">Online Resource</subfield>
  </datafield>
  <datafield tag="504" ind1=" " ind2=" ">
    <subfield code="a"> </subfield>
  </datafield>
  <datafield tag="546" ind1=" " ind2=" ">
    <subfield code="a">Text in English</subfield>
  </datafield>
  <datafield tag="650" ind1="1" ind2=" ">
    <subfield code="a">Public finance and tax legislation</subfield>
    <subfield code="2"> </subfield>
  </datafield>
  <datafield tag="651" ind1="1" ind2=" ">
    <subfield code="2"> </subfield>
  </datafield>
  <datafield tag="856" ind1="4" ind2="0">
    <subfield code="u">https://fll.law.cu.edu.eg/fulltext/bks/B13-06631.pdf</subfield>
  </datafield>
  <datafield tag="905" ind1=" " ind2=" ">
    <subfield code="a">50</subfield>
  </datafield>
  <datafield tag="942" ind1=" " ind2=" ">
    <subfield code="2">ddc</subfield>
    <subfield code="c">BK</subfield>
    <subfield code="e">21</subfield>
    <subfield code="n">0</subfield>
  </datafield>
  <datafield tag="999" ind1=" " ind2=" ">
    <subfield code="c">43364</subfield>
    <subfield code="d">43364</subfield>
  </datafield>
  <datafield tag="952" ind1=" " ind2=" ">
    <subfield code="0">0</subfield>
    <subfield code="1">0</subfield>
    <subfield code="2">ddc</subfield>
    <subfield code="4">0</subfield>
    <subfield code="7">1</subfield>
    <subfield code="8">&#x627;&#x644;&#x645;&#x627;&#x644;&#x64A;&#x629; &#x627;&#x644;&#x639;&#x627;&#x645;&#x629; &#x648;&#x627;&#x644;&#x62A;&#x634;&#x631;&#x64A;&#x639; &#x627;&#x644;&#x636;&#x631;&#x64A;&#x628;&#x64A;</subfield>
    <subfield code="a">CU</subfield>
    <subfield code="b">LAW1</subfield>
    <subfield code="d">2025-11-16</subfield>
    <subfield code="l">0</subfield>
    <subfield code="o">Law1 13 338.92 RO . P 1937 130663 C1</subfield>
    <subfield code="p">B13-06631</subfield>
    <subfield code="r">2025-11-16 08:29:03</subfield>
    <subfield code="t">1</subfield>
    <subfield code="w">2025-11-16</subfield>
    <subfield code="y">BK</subfield>
  </datafield>
</record>
